|
|
|
|
| LEADER |
00000cam a2200000 7i4500 |
| 001 |
0000068021 |
| 005 |
20110302093000.0 |
| 008 |
100721s2010 nyu eng |
| 020 |
|
|
|a 007159129X (pbk.)
|
| 020 |
|
|
|a 9780071591294 (pbk.)
|
| 090 |
0 |
0 |
|a HF5382.693
|b .A53 2010
|
| 100 |
1 |
|
|a Ancowitz, Nancy ,
|e author
|
| 245 |
1 |
0 |
|a Self promotion for introverts :
|b the quiet guide to getting ahead
|c Nancy Ancowitz
|
| 260 |
|
|
|a New York :
|b McGraw-Hill ,
|c c2010
|
| 300 |
|
|
|a xvii, 267 p. ;
|c 23 cm.
|
| 504 |
|
|
|a Includes bibliographical references and index
|
| 505 |
0 |
|
|a 1. Your negative self-talk -- 2. Your strengths -- 3. Your game plan -- 4. Your target audiences -- 5. Your network -- 6. Your chalk talk -- 7. Your job search -- 8. Your opposite
|
| 650 |
|
0 |
|a Career development
|
| 650 |
|
0 |
|a Introverts
|x Vocational guidance
|
| 650 |
|
0 |
|a Success in business
|
| 999 |
|
|
|a 1000134905
|b Book
|c OPEN SHELF (30 DAYS)
|e Gong Badak Campus
|